| 000 | 00413nam a2200145 i 4500 | ||
|---|---|---|---|
| 001 | 128376 | ||
| 003 | ES-MaACL | ||
| 007 | t| | ||
| 008 | 070509s1949 sp ||||1| spa d | ||
| 100 | 1 |
_aTabares de Nava, Tomás. _9109012 |
|
| 245 | 1 | 3 |
_aLa casa de Tabares en La Laguna / _cTomás Tabares de Nava. |
| 260 |
_aLa Laguna : _b[s.n.], _c1949. |
||
| 300 |
_a169 p. ; _c31 cm. |
||
| 852 |
_aES-MaACL _jC-5949 _bR.32506 |
||
| 999 |
_c128376 _d128376 |
||